000 00567nam a2200229Ia 4500
003 OSt
005 20220918211807.0
006 a|||||r|||| 00| 0
007 ta
008 220917b |||||||| |||| 00| 0 eng d
024 _a125,602
037 _cTextual
040 _aARTS
_cARTS
_beng
041 _2eng
_aeng
082 _aW:915, H22
100 _aKohn Hans
_996122
245 0 _aWorld order in historical perspective
260 _c1942
650 _aPOLITICAL SCIENCE
942 _hW:915, H22
_cTEXL
_2CC
999 _c248750
_d248750